all neighborhoods in Chicago - Statistics

General Stats
  • This quiz has been taken 22 times
  • The average score is 47 of 240
Answer Stats
Answer % Correct
the loop
93%
chinatown
80%
hyde park
80%
lake view
80%
lakeview
80%
lincoln park
80%
lincoln square
80%
edgewater
73%
englewood
73%
logan square
73%
Andersonville
67%
old town
67%
pilsen
67%
river north
67%
south loop
67%
uptown
67%
west loop
67%
Albany park
60%
Bronzeville
60%
little italy
60%
south shore
60%
ukrainian village
60%
Back of the yards
53%
Bucktown
53%
gold coast
53%
greektown
53%
irving park
53%
little village
53%
near north side
53%
o'hare
53%
rogers park
53%
streeterville
53%
west town
53%
wicker park
53%
wrigleyville
53%
Avondale
47%
Beverly
47%
Bridgeport
47%
east garfield park
47%
hermosa
47%
ravenswood
47%
woodlawn
47%
edison park
40%
jefferson park
40%
near west side
40%
north austin
40%
north lawndale
40%
portage park
40%
pullman
40%
roseland
40%
south austin
40%
west englewood
40%
west garfield park
40%
Archer Heights
33%
Auburn Gresham
33%
Brighton Park
33%
chatham
33%
gage park
33%
garfield ridge
33%
kenwood
33%
mckinley park
33%
morgan park
33%
north center
33%
north park
33%
ravenswood manor
33%
riverdale
33%
south chicago
33%
south lawndale
33%
Avalon Park
27%
canaryville
27%
east side
27%
forest glen
27%
fuller park
27%
goose island
27%
heart of chicago
27%
loyola
27%
marquette park
27%
mayfair
27%
mount greenwood
27%
river west
27%
washington heights
27%
Armour square
20%
Buena park
20%
Burnside
20%
Calumet heights
20%
chicago lawn
20%
dunning
20%
galewood
20%
gresham
20%
magnificent mile
20%
montclare
20%
museum campus
20%
new city
20%
new eastside
20%
north mayfair
20%
oakland
20%
old irving park
20%
oriole park
20%
roscoe village
20%
south deering
20%
west lawn
20%
Ashburn
13%
Belmont central
13%
Belmont Heights
13%
cragin
13%
east pilsen
13%
edgebrook
13%
edgewater glen
13%
greater grand crossing
13%
hegewisch
13%
illinois medical district
13%
noble square
13%
old norwood
13%
sauganash
13%
university village
13%
west humboldt park
13%
Bowmanville
7%
clearing west
7%
dearborn homes
7%
douglas park
7%
east hyde park
7%
east village
7%
edgewater beach
7%
graceland west
7%
grand boulevard
7%
grand crossing
7%
jackson park highlands
7%
k-town
7%
lake meadows
7%
lower west side
7%
marshall square
7%
Northalsted
7%
norwood park east
7%
norwood park west
7%
old edgebrook
7%
peterson park
7%
pill hill
7%
polish village
7%
printers row
7%
pulaski park
7%
ravenswood gardens
7%
rosehill
7%
sheridan park
7%
st. bens
7%
west morgan park
7%
west woodlawn
7%
Arcadia terrace
0%
Ashburn estates
0%
Atgeld gardens
0%
Avondale gardens
0%
Belmont terrace
0%
Beverly view
0%
Big Oaks
0%
Brainerd
0%
Brickyard
0%
Budlong Woods
0%
Cabrini-green
0%
central station
0%
chrysler village
0%
clarendon park
0%
clearing east
0%
cottage grove heights
0%
crestline
0%
Dearborn park
0%
east beverly
0%
east chatham
0%
eden green
0%
fernwood
0%
fifth city
0%
ford city
0%
fulton river district
0%
gladstone park
0%
golden gate
0%
groveland park
0%
hamilton park
0%
hanson park
0%
hollywood park
0%
homan square
0%
humboldt square
0%
irving woods
0%
jackowo
0%
kelvyn park
0%
kennedy park
0%
kensington
0%
kilbourn park
0%
kosciuszko park
0%
lakewood
0%
leclaire east
0%
legends south
0%
lilydale
0%
lithuanian plaza
0%
longwood manor
0%
margate park
0%
marynook
0%
merchant park
0%
new chinatown
0%
north kenwood
0%
nortown
0%
old town triangle
0%
palmer square
0%
park manor
0%
parkview
0%
park west
0%
polish downtown
0%
prairie avenue historic district
0%
prairie shores
0%
princeton park
0%
ranch triangle
0%
rivers edge
0%
rosemoor
0%
scottsdale
0%
sheffield neighbors
0%
sheridan station corridor
0%
shorsch village
0%
sleepy hallow
0%
smith park
0%
south commons
0%
south east ravenswood
0%
south edgebrook
0%
stateway gardens
0%
stony island park
0%
talley's corner
0%
the gap
0%
the island
0%
the villa
0%
tri-taylor
0%
union ridge
0%
vittum park
0%
waclawowo
0%
wentworth gardens
0%
west beverly
0%
west chatham
0%
west chesterfield
0%
west depaul
0%
west eldson
0%
west lakeview
0%
wildwood
0%
wrightwood
0%
wrightwood neighbors
0%
No matching quizzes found
Score Distribution
Percent of People with Each Score
Percentile by Number Answered
Your Score History
You have not taken this quiz